Machine learning crash course for engineers / (Record no. 52314)

MARC details
000 -LEADER
fixed length control field 00511nam a2200193Ia 4500
005 - DATE AND TIME OF LATEST TRANSACTION
control field 20260429112107.0
008 - FIXED-LENGTH DATA ELEMENTS--GENERAL INFORMATION
fixed length control field 260429s9999||||xx |||||||||||||| ||und||
020 ## - INTERNATIONAL STANDARD BOOK NUMBER
International Standard Book Number 9783031469893
041 ## - LANGUAGE CODE
Language English
082 ## - DEWEY DECIMAL CLASSIFICATION NUMBER
Classification number 006.31
Item number HOS
100 ## - MAIN ENTRY--PERSONAL NAME
Personal name Hossain, Eklas
245 #0 - TITLE STATEMENT
Title Machine learning crash course for engineers /
Statement of responsibility, etc Eklas Hossain
250 ## - EDITION STATEMENT
Edition statement 1st ed.
260 ## - PUBLICATION, DISTRIBUTION, ETC. (IMPRINT)
Place of publication, distribution, etc Switzerland :
Name of publisher, distributor, etc Springer,
Date of publication, distribution, etc 2024.
300 ## - PHYSICAL DESCRIPTION
Extent xx, 453 p.; hb
650 ## - SUBJECT ADDED ENTRY--TOPICAL TERM
Topical term or geographic name as entry element Engineers
650 ## - SUBJECT ADDED ENTRY--TOPICAL TERM
Topical term or geographic name as entry element Machine learning
942 ## - ADDED ENTRY ELEMENTS (KOHA)
Koha item type Text Books
Holdings
Withdrawn status Lost status Damaged status Not for loan Collection code Home library Location Shelving location Date of Cataloging Source of acquisition Total Checkouts Full call number Barcode Date last seen Price effective from Koha item type
        Non-fiction CUTN Central Library CUTN Central Library Generalia 29/04/2026 Atlantic Publishers and Distributors, Chennai - Invoice No. 3013317 on 17-02-2026   006.31 HOS 57390 29/04/2026 29/04/2026 Text Books